[Event "XXXVII Olimpiadi femminile"]
[Site "Torino ITA"]
[Date "2006.05.31"]
[Round "10.2"]
[White "Dzagnidze, Nana"]
[Black "Gaponenko, Inna"]
[Result "0-1"]
[WhiteElo "2454"]
[BlackElo "2430"]
[Annotator "UKR-GEO"]
[PlyCount "212"]
[EventDate "2006.05.21"]

1. d4 Nf6 2. c4 e6 3. Nf3 d5 4. Nc3 Bb4 5. cxd5 exd5 6. Bg5 Nbd7 7. Qb3 c5 8.
dxc5 Qa5 9. Bxf6 Nxf6 10. e3 Ne4 11. Rc1 O-O 12. a3 Bxc3+ 13. bxc3 Nxc5 14. Qb4
Qc7 15. Be2 Bf5 16. c4 Rac8 17. Nd4 Nd3+ 18. Bxd3 Bxd3 19. c5 Bc4 20. Rc3 Qxc5
21. Qxc5 Rxc5 22. Kd2 Rfc8 23. Rb1 b6 24. Rbc1 Kf8 25. Nf5 R8c6 26. Nd4 Rc7 27.
Nf5 g6 28. Nd4 Ke7 29. h4 h5 30. Rg1 Ba6 31. Rgc1 Kd6 32. R1c2 Bc4 33. Rc1 Rc8
34. Rg1 b5 35. Rb1 a5 36. Rc2 Rb8 37. Rcb2 Rb6 38. Ra1 Rc8 39. Rab1 Rcb8 40.
Kc3 Kc5 41. Nc2 R8b7 42. Kd2 b4 43. axb4+ axb4 44. Nd4 Ra7 45. Rc1 Ra3 46. Rcb1
Rd3+ 47. Kc2 Ra3 48. Kd2 Ra2 49. Rxa2 Bxa2 50. Rc1+ Bc4 51. Ra1 Ra6 52. Nb3+
Kb6 53. Rxa6+ Bxa6 54. Kc2 Bf1 55. g3 Kb5 56. Nd2 Be2 57. Nb3 Bc4 58. Nd4+ Kc5
59. Nf3 f6 60. Nd4 Kd6 61. Kd2 Kd7 62. Kc2 Kd6 63. Kd2 Ba6 64. Kc2 Bc8 65. Kb3
Kc5 66. Nf3 Bg4 67. Nd2 Bd1+ 68. Kb2 Ba4 69. Kc1 Bb5 70. Kc2 Ba4+ 71. Kc1 Bd7
72. Kc2 Bf5+ 73. Kc1 Bd3 74. Kb2 Be4 75. Kb3 Kb5 76. Kb2 Bf5 77. Kb3 Bg4 78.
Kc2 Ka4 79. Kb2 Be2 80. Nb3 Bg4 81. Nd4 Ka5 82. Kc2 Kb6 83. f3 Bd7 84. Kb3 Kc5
85. Nc2 Be6 86. Nd4 Bf5 87. Ne2 Be6 88. Nd4 Bg8 89. Kc2 Kc4 90. Nb3 Be6 91.
Nd2+ Kb5 92. Kb2 Bf5 93. Kb3 Bd3 94. Kb2 Bc4 95. f4 Be2 96. Kc2 Bg4 97. Kd3
Bf5+ 98. Kd4 Be4 99. Nb3 Ka4 100. Nd2 Ka3 101. Kc5 b3 102. Kd6 b2 103. Kc5 Ka2
104. Kd6 b1=Q 105. Nxb1 Kxb1 106. Ke6 Kc2 0-1

[Event "XXXVII Olimpiadi femminile"]
[Site "Torino ITA"]
[Date "2006.05.31"]
[Round "10.2"]
[White "Djingarova, Emilia"]
[Black "Kosintseva, Tatiana"]
[Result "0-1"]
[WhiteElo "2319"]
[BlackElo "2489"]
[Annotator "RUS-BUL"]
[PlyCount "114"]
[EventDate "2006.05.21"]

1. e4 c5 2. Nf3 Nc6 3. Bb5 d6 4. Bxc6+ bxc6 5. O-O e5 6. c3 Nf6 7. Re1 Bg4 8.
h3 Bh5 9. d4 cxd4 10. cxd4 Nd7 11. Be3 Be7 12. Nbd2 exd4 13. Bxd4 O-O 14. Nc4
Nb6 15. Ne3 Bg6 16. Bc3 Re8 17. Ng4 Bf8 18. e5 d5 19. b4 a5 20. a3 Nc4 21. Qd4
Qb6 22. Qxb6 Nxb6 23. Nd4 Na4 24. Bd2 c5 25. bxc5 Nxc5 26. Nb5 Nb3 27. Ra2 Rab8
28. Nc7 Rec8 29. Nxd5 Rd8 30. Nge3 Be4 31. Nc3 Rxd2 32. Rxd2 Nxd2 33. Rd1 Rc8
34. Nb5 Nb3 35. Nd6 Bxd6 36. exd6 Rd8 37. f3 Bc6 38. Nc4 f6 39. Kf2 a4 40. Nb6
Kf7 41. Nc4 Bb5 42. Ne3 Ke6 43. Re1 Kxd6 44. Nf5+ Kc5 45. Nxg7 Rd2+ 46. Kg3 Nd4
47. Nh5 f5 48. Nf6 h6 49. Ng8 h5 50. Nf6 h4+ 51. Kxh4 Rxg2 52. Re5+ Kc4 53. Kh5
Bc6 54. h4 Bxf3+ 55. Kh6 Bd1 56. Nd5 Re2 57. Rxe2 Bxe2 0-1

[Event "XXXVII Olimpiadi femminile"]
[Site "Torino ITA"]
[Date "2006.05.31"]
[Round "10.1"]
[White "Mkrtchian, Lilit"]
[Black "Zhao, Xue"]
[Result "0-1"]
[WhiteElo "2453"]
[BlackElo "2423"]
[Annotator "ARM-CHN"]
[PlyCount "166"]
[EventDate "2006.05.21"]

1. c4 Nf6 2. Nc3 e6 3. e4 d5 4. e5 d4 5. exf6 dxc3 6. bxc3 Qxf6 7. d4 e5 8. Nf3
exd4 9. Bg5 Qe6+ 10. Be2 Be7 11. cxd4 Bxg5 12. Nxg5 Qf6 13. Ne4 Qh4 14. Nc3 O-O
15. O-O Rd8 16. d5 Bf5 17. Re1 c5 18. Qb3 b6 19. Bf3 Na6 20. d6 Rab8 21. Nd5
Kh8 22. Re5 Qd4 23. Rae1 Be6 24. R5e4 Qd2 25. Rd1 Qa5 26. Nc7 Bd7 27. Rde1 Nb4
28. Re7 Ba4 29. Qb1 Nc2 30. R1e5 Qc3 31. Nb5 Qxc4 32. Be2 Qf4 33. Re4 Qd2 34.
Rxa4 Nb4 35. Raxa7 Nc6 36. Rxf7 Nxa7 37. Qa1 Rg8 38. Nxa7 Qxe2 39. Nc6 Qe6 40.
Ne5 Rbf8 41. Re7 Qxd6 42. Nf7+ Rxf7 43. Rxf7 Qg6 44. Rc7 Qd6 45. Ra7 b5 46. h3
c4 47. Qc3 Qc5 48. Rb7 Qc6 49. Rf7 Qg6 50. Ra7 Rd8 51. Qd4 Qg5 52. h4 Rxd4 53.
hxg5 Kg8 54. Kf1 b4 55. Ke1 Re4+ 56. Kd1 Rg4 57. g3 Rxg5 58. Rb7 Ra5 59. Rxb4
Rxa2 60. Rxc4 Rxf2 61. Rc3 Kf7 62. Ke1 Rf6 63. Ke2 Kg6 64. Rc7 Rf7 65. Rc5 h5
66. Ke3 Rf5 67. Rc7 Kf6 68. Ra7 g6 69. Ra6+ Kg5 70. Ra4 Rf6 71. Rb4 Kh6 72. Ra4
g5 73. Ra5 Kg6 74. Rb5 g4 75. Ke2 Rf3 76. Rb6+ Kf5 77. Rb5+ Ke4 78. Rxh5 Ra3
79. Kf1 Kf3 80. Rf5+ Kxg3 81. Rg5 Ra1+ 82. Ke2 Rg1 83. Rg8 Kh2 0-1

[Event "XXXVII Olimpiadi femminile"]
[Site "Torino ITA"]
[Date "2006.05.31"]
[Round "10.2"]
[White "Wang, Yu A."]
[Black "Danielian, Elina"]
[Result "0-1"]
[WhiteElo "2390"]
[BlackElo "2422"]
[Annotator "ARM-CHN"]
[PlyCount "112"]
[EventDate "2006.05.21"]

1. e4 c6 2. d4 d5 3. e5 Bf5 4. Be3 e6 5. Nd2 Qb6 6. Nb3 Nd7 7. Be2 a5 8. a4 Ne7
9. Nf3 Bg6 10. O-O Nf5 11. c4 dxc4 12. Bxc4 Be7 13. Bd2 Bb4 14. Bc3 O-O 15. Qd2
Bxc3 16. bxc3 Rfd8 17. Qf4 Qc7 18. Ng5 Nb6 19. Be2 Nd5 20. Qd2 b6 21. Rfd1 c5
22. Rac1 h6 23. Nh3 c4 24. Na1 Qc6 25. Qa2 Nh4 26. Qxc4 Qb7 27. Bf1 Bf5 28. Rd3
Rac8 29. Qb5 Nc7 30. Qb1 Nd5 31. Qb5 Bxd3 32. Qxd3 Qc6 33. c4 Nb4 34. Qd1 Qe4
35. Nb3 Nf5 36. Rc3 Nxd4 37. Re3 Nxb3 38. Qxb3 Qc2 39. Qxc2 Nxc2 40. Rc3 Nb4
41. Nf4 Rd1 42. g3 Rc5 43. Re3 Rxc4 44. Kg2 Rc2 45. Bb5 Rdd2 46. Rf3 Nd5 47.
Nh5 Rc3 48. Be8 Rxf3 49. Kxf3 Kf8 50. Bc6 Nc3 51. Nf4 Ra2 52. Nd3 Nxa4 53. Ke3
Nc5 54. Nc1 Rc2 55. Ne2 a4 56. Nd4 Rc3+ 0-1

[Event "XXXVII Olimpiadi femminile"]
[Site "Torino ITA"]
[Date "2006.05.31"]
[Round "10.3"]
[White "Andriasian, Siranush"]
[Black "Hou, Yifan"]
[Result "0-1"]
[WhiteElo "2237"]
[BlackElo "2298"]
[Annotator "ARM-CHN"]
[PlyCount "84"]
[EventDate "2006.05.21"]

1. e4 c5 2. Nf3 d6 3. d4 cxd4 4. Nxd4 Nf6 5. Nc3 Nc6 6. Bc4 Qb6 7. Nb3 e6 8.
Bg5 a6 9. Bxf6 gxf6 10. Qh5 Qc7 11. O-O Be7 12. f4 Nd4 13. Bd3 Nxb3 14. axb3
Qc5+ 15. Qxc5 dxc5 16. e5 Bd7 17. Be4 O-O-O 18. Ra5 Kb8 19. Bf3 Bc8 20. Ne4 b6
21. Raa1 f5 22. Nc3 Rd2 23. Rf2 Rhd8 24. Rd1 Rxd1+ 25. Nxd1 c4 26. Rf1 cxb3 27.
cxb3 a5 28. Nc3 Rd2 29. Rb1 Ba6 30. Na4 Bd3 31. Rd1 Rxd1+ 32. Bxd1 b5 33. Nc3
Bc5+ 34. Kh1 Bd4 35. h3 Kb7 36. g4 b4 37. Na4 Be3 38. Bf3+ Kc7 39. g5 Bc2 40.
Bh5 Bxb3 41. Bxf7 Bxa4 42. h4 Bc6+ 0-1

[Event "XXXVII Olimpiadi femminile"]
[Site "Torino ITA"]
[Date "2006.05.31"]
[Round "10.1"]
[White "Medic, Mirjana"]
[Black "Peptan, Corina-Isabela"]
[Result "1/2-1/2"]
[WhiteElo "2239"]
[BlackElo "2408"]
[Annotator "CRO-ROU"]
[PlyCount "156"]
[EventDate "2006.05.21"]

1. d4 Nf6 2. c4 e6 3. Nc3 Bb4 4. Qc2 O-O 5. a3 Bxc3+ 6. Qxc3 b6 7. Bg5 Bb7 8.
f3 h6 9. Bh4 d6 10. e3 Nbd7 11. Bd3 Re8 12. Ne2 Qe7 13. Bf2 c5 14. O-O Rac8 15.
Rac1 Ba6 16. Qb3 cxd4 17. exd4 d5 18. cxd5 Bxd3 19. Qxd3 Nxd5 20. Qa6 Rxc1 21.
Rxc1 Nf8 22. Nc3 Rd8 23. Ne4 Ng6 24. Rc8 Rxc8 25. Qxc8+ Kh7 26. Qc2 Qd7 27. g3
Nde7 28. Qc4 Nc6 29. Nc3 Nge7 30. Kg2 Na5 31. Qd3+ Kg8 32. b4 Nb7 33. Qb5 Qxb5
34. Nxb5 Nc6 35. Kf1 Kf8 36. Ke2 Ke7 37. Kd3 Kd7 38. g4 Nd6 39. Nc3 a6 40. Na4
Nc8 41. Nc3 N6e7 42. b5 axb5 43. Nxb5 Kc6 44. a4 Nd6 45. Na3 Nd5 46. Bg3 Nb7
47. h4 Na5 48. Nb5 f6 49. h5 Kd7 50. Bd6 Ne7 51. Ba3 Nac6 52. Nc3 f5 53. Kc4
fxg4 54. fxg4 g6 55. hxg6 Nxg6 56. Bc1 Na7 57. Bxh6 Kc6 58. Kd3 b5 59. axb5+
Nxb5 60. Nxb5 Kxb5 61. Bg7 Kc6 62. Ke4 Kd6 63. Bf6 Kd7 64. Kf3 Ke8 65. Ke4 Kf7
66. Be5 Ne7 67. Bf4 Kg6 68. Bd2 Nc6 69. Be3 Kf6 70. Kd3 Nb4+ 71. Kc4 Nd5 72.
Bd2 Kg6 73. Kd3 Nf6 74. g5 Nd7 75. Kc4 Kf7 76. Kb5 Nf8 77. Kc6 Ng6 78. Kd6 Nh4
1/2-1/2

[Event "XXXVII Olimpiadi femminile"]
[Site "Torino ITA"]
[Date "2006.05.31"]
[Round "10.3"]
[White "Macek, Vlasta"]
[Black "Bogza, Adina-Maria"]
[Result "1-0"]
[WhiteElo "2243"]
[BlackElo "2297"]
[Annotator "CRO-ROU"]
[PlyCount "123"]
[EventDate "2006.05.21"]

1. Nf3 g6 2. c4 Bg7 3. d4 c5 4. e4 Qb6 5. dxc5 Qb4+ 6. Nbd2 Qxc5 7. Nb3 Qc7 8.
Bd3 d6 9. h3 Nc6 10. O-O a5 11. Be2 Nf6 12. Qc2 Bd7 13. Be3 Nb4 14. Qb1 a4 15.
Nbd4 O-O 16. Rc1 Rfc8 17. Bd2 Na6 18. Bc3 Nc5 19. Nd2 Bh6 20. Bf3 Qb6 21. Rd1
e5 22. Ne2 Bc6 23. Ng3 Bg7 24. Ndf1 h5 25. h4 Bd7 26. Ne3 Bh6 27. Ngf1 Be6 28.
Qc2 Ncd7 29. b3 axb3 30. axb3 Ng4 31. Bxg4 hxg4 32. g3 Nf6 33. Rxa8 Rxa8 34. b4
Qc6 35. Qd3 Ra3 36. Qc2 Qxe4 37. Qb2 Rxc3 38. Qxc3 Qf3 39. Rxd6 Ne4 40. Rd8+
Kh7 41. Qe1 Nf6 42. Qd1 Qe4 43. Qd3 Qc6 44. Nd5 Bf5 45. Nxf6+ Qxf6 46. Qd6 Be6
47. c5 Qf3 48. Qxe5 Bg7 49. Qe3 Qc6 50. Qd2 Bf6 51. Rd6 Qe4 52. b5 Be5 53. Rxe6
fxe6 54. Qd7+ Kh6 55. Qxe6 Qd4 56. c6 bxc6 57. bxc6 Qc5 58. Ne3 Qc1+ 59. Kg2
Bg7 60. Nxg4+ Kh7 61. Nf6+ Kh6 62. g4 1-0

[Event "XXXVII Olimpiadi femminile"]
[Site "Torino ITA"]
[Date "2006.05.31"]
[Round "10.2"]
[White "Ciuksyte, Dagne"]
[Black "Botsari, Anna-Maria"]
[Result "1/2-1/2"]
[WhiteElo "2423"]
[BlackElo "2341"]
[Annotator "GRE-LTU"]
[PlyCount "56"]
[EventDate "2006.05.21"]

1. e4 c5 2. Nf3 e6 3. d4 cxd4 4. Nxd4 a6 5. Nc3 Nc6 6. Be2 Qc7 7. O-O Nf6 8.
Be3 Bb4 9. Na4 Be7 10. Nxc6 bxc6 11. Nb6 Rb8 12. Nxc8 Qxc8 13. Bd4 c5 14. Be5
Rb6 15. Qd3 O-O 16. b3 d5 17. exd5 Nxd5 18. Qh3 f6 19. Bd3 g6 20. Bb2 Nf4 21.
Qe3 Nxd3 22. Qxd3 c4 23. Qe3 Rc6 24. Rad1 cxb3 25. cxb3 Rd8 26. Rc1 Rd5 27. h3
Rxc1 28. Rxc1 Qd7 1/2-1/2

[Event "XXXVII Olimpiadi femminile"]
[Site "Torino ITA"]
[Date "2006.05.31"]
[Round "10.3"]
[White "Makropoulou, Marina"]
[Black "Daulyte, Deimante"]
[Result "1-0"]
[WhiteElo "2305"]
[BlackElo "2230"]
[Annotator "GRE-LTU"]
[PlyCount "53"]
[EventDate "2006.05.21"]

1. e4 c5 2. Nf3 d6 3. d4 cxd4 4. Nxd4 Nf6 5. Nc3 g6 6. Be3 Bg7 7. f3 O-O 8. Qd2
Nc6 9. O-O-O d5 10. exd5 Nxd5 11. Nxc6 bxc6 12. Bd4 e5 13. Bc5 Be6 14. Ne4 Qc8
15. h4 Rd8 16. h5 Rb8 17. hxg6 fxg6 18. Bc4 Rd7 19. g4 Qd8 20. Qh2 Bh8 21. Bb3
Rbb7 22. Ba3 Rbc7 23. c4 Nf4 24. Qxh7+ Rxh7 25. Rxd8+ Kg7 26. Bf8+ Kg8 27. Bd6+
1-0

[Event "XXXVII Olimpiadi femminile"]
[Site "Torino ITA"]
[Date "2006.05.31"]
[Round "10.1"]
[White "Sedina, Elena"]
[Black "Nuritdinova, Elena"]
[Result "1-0"]
[WhiteElo "2373"]
[BlackElo "2087"]
[Annotator "ITA1-TJK"]
[PlyCount "53"]
[EventDate "2006.05.21"]

1. e4 d6 2. d4 Nf6 3. Nc3 g6 4. f4 Bg7 5. Nf3 c5 6. dxc5 Qa5 7. Bd3 Qxc5 8. Qe2
O-O 9. Be3 Qb4 10. O-O Qxb2 11. Nb5 Ne8 12. Nxa7 Bd7 13. Rab1 Qxa2 14. Rxb7 Nf6
15. Nb5 Bxb5 16. Rxb5 Rc8 17. Nd4 Nbd7 18. e5 Nd5 19. Nb3 Nc3 20. Qg4 Nxb5 21.
Qxd7 Rxc2 22. Bxc2 Qxc2 23. Qxb5 Ra3 24. Qe8+ Bf8 25. f5 Rxb3 26. Bh6 Qc5+ 27.
Kh1 1-0

[Event "XXXVII Olimpiadi femminile"]
[Site "Torino ITA"]
[Date "2006.05.31"]
[Round "10.1"]
[White "Nguyen, Thi Thanh An"]
[Black "Hoang, Thanh Trang"]
[Result "1/2-1/2"]
[WhiteElo "2317"]
[BlackElo "2487"]
[Annotator "VIE-HUN"]
[PlyCount "31"]
[EventDate "2006.05.21"]

1. d4 Nf6 2. c4 e6 3. Nc3 Bb4 4. Qc2 c5 5. dxc5 O-O 6. Nf3 Na6 7. e3 Nxc5 8.
Bd2 b6 9. Be2 Bb7 10. O-O Nce4 11. Nxe4 Bxe4 12. Bd3 Bxd3 13. Qxd3 Bxd2 14.
Qxd2 d5 15. cxd5 Qxd5 16. Qxd5 1/2-1/2

[Event "XXXVII Olimpiadi femminile"]
[Site "Torino ITA"]
[Date "2006.05.31"]
[Round "10.2"]
[White "Vajda, Szidonia"]
[Black "Hoang, Thi Bao Tram"]
[Result "1-0"]
[WhiteElo "2403"]
[BlackElo "2349"]
[Annotator "VIE-HUN"]
[PlyCount "51"]
[EventDate "2006.05.21"]

1. e4 c6 2. d4 d5 3. exd5 cxd5 4. c4 Nf6 5. Nc3 e6 6. Nf3 Be7 7. cxd5 Nxd5 8.
Bc4 Nb6 9. Bb3 N8d7 10. O-O O-O 11. Re1 Nf6 12. Ne5 Bd7 13. Qf3 Bc6 14. Nxc6
bxc6 15. Qxc6 Qxd4 16. Be3 Qd7 17. Qf3 Rfc8 18. Rac1 h6 19. h3 Qe8 20. Bd4 Rd8
21. Rcd1 Rd6 22. a4 Nbd5 23. Nxd5 Nxd5 24. Bc5 Rdd8 25. Rxd5 Bxc5 26. Rxc5 1-0

[Event "XXXVII Olimpiadi femminile"]
[Site "Torino ITA"]
[Date "2006.05.31"]
[Round "10.3"]
[White "Pham, Bich Ngoc"]
[Black "Gara, Anita"]
[Result "1/2-1/2"]
[WhiteElo "2080"]
[BlackElo "2367"]
[Annotator "VIE-HUN"]
[PlyCount "89"]
[EventDate "2006.05.21"]

1. c4 b6 2. e4 Bb7 3. Nc3 e6 4. g3 Bb4 5. Bg2 f5 6. Qc2 Bxc3 7. Qxc3 Nf6 8. d3
O-O 9. Bg5 fxe4 10. dxe4 Na6 11. Ne2 Nc5 12. f3 h6 13. Be3 Qe7 14. O-O e5 15.
b4 Ne6 16. c5 a5 17. Qxe5 axb4 18. cxb6 cxb6 19. Bxb6 Ba6 20. Rfe1 Rfb8 21. Bf2
Bc4 22. Qb2 Ra3 23. Nd4 Nxd4 24. Bxd4 Rba8 25. Rec1 Rxa2 26. Rxa2 Rxa2 27. Qb1
Bf7 28. Bc5 d6 29. Bxb4 Qa7+ 30. Kh1 Qf2 31. Rg1 Qd4 32. Qe1 Nd7 33. Qc3 Qxc3
34. Bxc3 Rc2 35. Bb4 d5 36. exd5 Bxd5 37. f4 Nf6 38. Bxd5+ Nxd5 39. Bd6 Ne3 40.
g4 Kf7 41. h3 g6 42. Re1 Nd5 43. f5 gxf5 44. Re5 fxg4 45. Rxd5 1/2-1/2

[Event "XXXVII Olimpiadi femminile"]
[Site "Torino ITA"]
[Date "2006.05.31"]
[Round "10.1"]
[White "Munguntuul, Batkhuyag"]
[Black "Koneru, Humpy"]
[Result "0-1"]
[WhiteElo "2378"]
[BlackElo "2548"]
[Annotator "MGL-IND"]
[PlyCount "74"]
[EventDate "2006.05.21"]

1. e4 c5 2. Nf3 e6 3. d4 cxd4 4. Nxd4 a6 5. Nc3 Qc7 6. Bd3 Nf6 7. O-O d6 8. Kh1
Be7 9. f4 Nbd7 10. Qe2 b5 11. Bd2 Bb7 12. b4 O-O 13. a4 bxa4 14. Rxa4 Nb6 15.
Raa1 Rfc8 16. e5 Nfd7 17. Rae1 Nf8 18. Ne4 Nc4 19. Bxc4 Qxc4 20. exd6 Bh4 21.
Nc5 Qxd4 22. Rd1 Bd5 23. Be1 Qf6 24. Bxh4 Qxh4 25. c4 Bc6 26. Ra1 Qd8 27. Rfd1
a5 28. d7 Bxd7 29. Nb7 Qb6 30. Nd6 Rc6 31. Qf3 Rb8 32. bxa5 Qa6 33. Qd3 Rc5 34.
Ne4 Rcc8 35. Qe3 Bc6 36. Nd6 Rd8 37. Qa3 Ng6 0-1

[Event "XXXVII Olimpiadi femminile"]
[Site "Torino ITA"]
[Date "2006.05.31"]
[Round "10.2"]
[White "Harika, Dronavalli"]
[Black "Yanjindulam, Dulamsuren"]
[Result "1-0"]
[WhiteElo "2358"]
[BlackElo "2162"]
[Annotator "MGL-IND"]
[PlyCount "109"]
[EventDate "2006.05.21"]

1. Nf3 d5 2. d4 Nf6 3. c4 e6 4. Nc3 c6 5. Bg5 Be7 6. e3 Nbd7 7. Qc2 O-O 8. Rd1
h6 9. Bh4 dxc4 10. Bxc4 b5 11. Bd3 a6 12. e4 Bb7 13. e5 Nd5 14. Bxe7 Qxe7 15.
Nxd5 cxd5 16. O-O Rfc8 17. Qe2 Rc7 18. Ne1 Re8 19. Bb1 b4 20. Qd3 Nf8 21. f4
Bc8 22. Nc2 Rd8 23. Ne3 Rc6 24. Ng4 Qh4 25. Qf3 Kh8 26. Ne3 Nh7 27. Rc1 Rxc1
28. Rxc1 Bd7 29. g3 Qe7 30. Qe2 Bb5 31. Qc2 Nf8 32. Qc7 Qxc7 33. Rxc7 Kg8 34.
Kf2 Nd7 35. f5 Kf8 36. Ng2 Nb6 37. b3 Rd7 38. Rc1 Ke7 39. Nf4 Rd8 40. Rc7+ Rd7
41. Rc5 Rb7 42. Ke3 Nd7 43. Rc1 Rb6 44. Nh5 f6 45. fxe6 Kxe6 46. Nf4+ Kf7 47.
Bg6+ Kg8 48. Rc8+ Nf8 49. e6 Rc6 50. Bf7+ Kh7 51. Rxf8 Rc3+ 52. Kd2 g5 53. Bg6+
Kg7 54. Rf7+ Kg8 55. Bh7+ 1-0

[Event "XXXVII Olimpiadi femminile"]
[Site "Torino ITA"]
[Date "2006.05.31"]
[Round "10.1"]
[White "Muzychuk, Anna"]
[Black "Klinova, Masha"]
[Result "1-0"]
[WhiteElo "2418"]
[BlackElo "2357"]
[Annotator "SLO-ISR"]
[PlyCount "111"]
[EventDate "2006.05.21"]

1. e4 d6 2. Nc3 e5 3. f4 Nf6 4. Nf3 Nc6 5. Bb5 Bd7 6. O-O Be7 7. d3 a6 8. Bxc6
Bxc6 9. fxe5 dxe5 10. Kh1 Qd6 11. Qe1 Nd7 12. Nh4 g6 13. Bh6 Qe6 14. Qg3 O-O-O
15. Nf3 f5 16. Qh3 Bf6 17. Rae1 Rde8 18. exf5 Qxf5 19. Ne4 Qxh3 20. gxh3 Rhg8
21. h4 Bg7 22. Bxg7 Rxg7 23. Nfd2 Ree7 24. Kg1 Ref7 25. Rxf7 Rxf7 26. Rf1 Rxf1+
27. Kxf1 h6 28. Kf2 Kd8 29. h5 gxh5 30. Ng3 Nf6 31. h4 Ke7 32. Nc4 e4 33. d4
Ke6 34. Ne5 Ng4+ 35. Nxg4 hxg4 36. c4 Be8 37. Nxe4 Kf5 38. Ke3 g3 39. Nxg3+ Kg4
40. Ne4 Kxh4 41. Kf4 Kh3 42. d5 b6 43. b4 h5 44. Kf3 h4 45. c5 bxc5 46. bxc5
Kh2 47. Kf2 Bf7 48. d6 cxd6 49. cxd6 Be6 50. Nc5 Bc8 51. d7 Bxd7 52. Nxd7 Kh3
53. Ne5 Kh2 54. Ng6 Kh3 55. Kf3 Kh2 56. Nxh4 1-0

[Event "XXXVII Olimpiadi femminile"]
[Site "Torino ITA"]
[Date "2006.05.31"]
[Round "10.3"]
[White "Krivec, Jana"]
[Black "Igla, Bella"]
[Result "1-0"]
[WhiteElo "2323"]
[BlackElo "2288"]
[Annotator "SLO-ISR"]
[PlyCount "121"]
[EventDate "2006.05.21"]

1. e4 c5 2. Nf3 e6 3. d4 cxd4 4. Nxd4 a6 5. Nc3 b5 6. Bd3 Qb6 7. Nb3 Qc7 8. O-O
Bb7 9. f4 Nf6 10. e5 b4 11. Ne2 Nd5 12. Ng3 d6 13. Qe2 Nd7 14. exd6 Bxd6 15.
Nf5 Bxf4 16. Nxg7+ Kd8 17. Qh5 N7f6 18. Qh4 e5 19. Bxf4 exf4 20. Nh5 Qb6+ 21.
Rf2 Rg8 22. Na5 Rg4 23. Nxb7+ Kc7 24. Nxf6 Nxf6 25. Qh6 Rag8 26. Kf1 Kxb7 27.
Re1 Nd5 28. Qxb6+ Kxb6 29. Re4 Ne3+ 30. Ke2 Nxg2 31. Rxb4+ Ka5 32. Re4 Rh4 33.
b3 Kb6 34. Re7 Rxh2 35. Rxf7 h5 36. Rf6+ Kc7 37. Rxa6 h4 38. Rh6 h3 39. Bf5 Rg3
40. Kd2 f3 41. Be4 Kd8 42. a4 Ke7 43. a5 Rg4 44. Bf5 Rg5 45. Bxh3 Rxa5 46. Rh7+
Kd6 47. Bf5 Rd5+ 48. Kc3 Rxh7 49. Bxh7 Ne1 50. Be4 Re5 51. Bxf3 Rc5+ 52. Kb2
Nxf3 53. Rxf3 Rh5 54. b4 Kc6 55. c4 Rh6 56. Kb3 Rg6 57. b5+ Kc5 58. Rf5+ Kb6
59. Kb4 Rg1 60. c5+ Kc7 61. Rf7+ 1-0

[Event "XXXVII Olimpiadi femminile"]
[Site "Torino ITA"]
[Date "2006.05.31"]
[Round "10.1"]
[White "Paehtz, Elisabeth"]
[Black "Azarova, Nadezhda"]
[Result "1-0"]
[WhiteElo "2438"]
[BlackElo "2281"]
[Annotator "GER-BLR"]
[PlyCount "75"]
[EventDate "2006.05.21"]

1. e4 c5 2. Nf3 d6 3. d4 Nf6 4. Nc3 cxd4 5. Nxd4 g6 6. Bc4 Bg7 7. h3 O-O 8. Bb3
a6 9. O-O b5 10. Re1 Bb7 11. a4 b4 12. Nd5 e6 13. Nxf6+ Qxf6 14. Nf3 Qe7 15.
Bf4 Rd8 16. Bg5 Bf6 17. h4 Nd7 18. Qd2 Nc5 19. Qf4 Kg7 20. e5 Bxg5 21. Nxg5 h6
22. exd6 Qf6 23. Qxb4 Rac8 24. Nh3 Rxd6 25. Qf4 Qxf4 26. Nxf4 Nxb3 27. cxb3 Rd2
28. Rad1 Rxb2 29. Rd7 Rxb3 30. Nxe6+ Kf6 31. Nd8 Rxd8 32. Rxd8 Rb6 33. Rb8 a5
34. Rc1 Rb4 35. Rc5 Rb1+ 36. Kh2 Rb4 37. Kg3 h5 38. f3 1-0

[Event "XXXVII Olimpiadi femminile"]
[Site "Torino ITA"]
[Date "2006.05.31"]
[Round "10.2"]
[White "Zawadzka, Jolanta"]
[Black "Palao, Maricela"]
[Result "1-0"]
[WhiteElo "2389"]
[BlackElo "2152"]
[Annotator "COL-POL"]
[PlyCount "75"]
[EventDate "2006.05.21"]

1. e4 e5 2. Nf3 Nc6 3. d4 exd4 4. Nxd4 Nf6 5. Nxc6 bxc6 6. e5 Qe7 7. Qe2 Nd5 8.
c4 Ba6 9. g3 Nb6 10. b3 Qe6 11. Bb2 Bc5 12. Nd2 O-O 13. O-O-O Qe7 14. Qe4 Ba3
15. Bd3 Bxb2+ 16. Kxb2 f5 17. Qd4 Rab8 18. Ka1 c5 19. Qc3 d5 20. exd6 cxd6 21.
Rhe1 Qf7 22. Nf3 Rbe8 23. Ng5 Qh5 24. h4 h6 25. Nh3 Qf3 26. Qd2 Nd7 27. Nf4
Rxe1 28. Rxe1 Ne5 29. Bf1 Qc6 30. Bg2 Qb6 31. Ne6 Rf7 32. Bd5 Kh7 33. f4 Ng4
34. Ng5+ hxg5 35. Bxf7 gxh4 36. Qd5 Nh6 37. Qe6 d5 38. Bg6+ 1-0

[Event "XXXVII Olimpiadi femminile"]
[Site "Torino ITA"]
[Date "2006.05.31"]
[Round "10.3"]
[White "Franco Valencia, Beatriz Irene"]
[Black "Majdan, Joanna"]
[Result "0-1"]
[WhiteElo "2048"]
[BlackElo "2297"]
[Annotator "COL-POL"]
[PlyCount "78"]
[EventDate "2006.05.21"]

1. e4 c5 2. Nc3 Nc6 3. g3 g6 4. Bg2 Bg7 5. d3 Rb8 6. a4 a6 7. f4 d6 8. Nf3 Bd7
9. Ne2 b5 10. axb5 axb5 11. d4 cxd4 12. Nfxd4 Nxd4 13. Nxd4 Qc8 14. O-O b4 15.
Be3 Nf6 16. f5 O-O 17. g4 Qc4 18. g5 Ng4 19. Qxg4 Bxd4 20. Qg3 Bxe3+ 21. Qxe3
Qxc2 22. f6 exf6 23. Rac1 Qxb2 24. gxf6 Kh8 25. Rc7 Be6 26. Qh6 Rg8 27. Bh3
Qd4+ 28. Rf2 Qd1+ 29. Bf1 b3 30. Rc1 Qg4+ 31. Bg2 g5 32. h3 Qg3 33. Qh5 Qe3 34.
Rb1 g4 35. hxg4 Rxg4 36. Rbb2 Rbg8 37. Kh1 Qg3 38. Kg1 Qe3 39. Kh1 Qc1+ 0-1

[Event "XXXVII Olimpiadi femminile"]
[Site "Torino ITA"]
[Date "2006.05.31"]
[Round "10.1"]
[White "Aketayeva, Dana"]
[Black "Johansson, Viktoria"]
[Result "0-1"]
[WhiteElo "2328"]
[BlackElo "2222"]
[Annotator "KAZ-SWE"]
[PlyCount "56"]
[EventDate "2006.05.21"]

1. e4 c5 2. Nf3 Nc6 3. d4 cxd4 4. Nxd4 e5 5. Nb5 d6 6. c4 Be7 7. N1c3 a6 8. Na3
Be6 9. Nc2 Bg5 10. Ne3 h6 11. Bd3 Nf6 12. O-O O-O 13. b3 Rc8 14. Ncd5 Ne7 15.
Ba3 Bxd5 16. Nxd5 Nfxd5 17. cxd5 Qd7 18. Be2 g6 19. Qe1 f5 20. Qb4 Rf6 21. g3
f4 22. Kg2 h5 23. Bf3 fxg3 24. hxg3 h4 25. gxh4 Rxf3 26. Kxf3 Qh3+ 27. Ke2 Rc2+
28. Ke1 Qd3 0-1

[Event "XXXVII Olimpiadi femminile"]
[Site "Torino ITA"]
[Date "2006.05.31"]
[Round "10.2"]
[White "Jiretorn, Eva"]
[Black "Zigangirova, Sofya"]
[Result "0-1"]
[WhiteElo "2117"]
[BlackElo "2314"]
[Annotator "KAZ-SWE"]
[PlyCount "82"]
[EventDate "2006.05.21"]

1. d4 Nf6 2. c4 e6 3. Nf3 b6 4. g3 Ba6 5. Qc2 Be7 6. Bg2 O-O 7. O-O c6 8. Nbd2
d5 9. b3 Nbd7 10. e4 dxe4 11. Nxe4 c5 12. Ne5 Rc8 13. Nc6 Rxc6 14. Nxf6+ Bxf6
15. Bxc6 cxd4 16. Bb2 e5 17. f4 exf4 18. Rxf4 Bg5 19. Qf5 Nc5 20. Bd5 Bc8 21.
Qe5 Nd3 22. Qxd4 Nxb2 23. Qxb2 Bxf4 24. gxf4 Re8 25. Qd2 Qh4 26. Kh1 Bg4 27.
Qg2 Re3 28. Rg1 h5 29. b4 Qe7 30. b5 Re2 31. Qg3 Rxa2 32. Re1 Re2 33. Ra1 Qb4
34. Rg1 Qb2 35. Qh4 g6 36. Qg3 Kg7 37. Rf1 Bf5 38. Rg1 Qd4 39. Bf3 Be4 40. Rg2
Bxf3 41. Qxf3 Re1+ 0-1

[Event "XXXVII Olimpiadi femminile"]
[Site "Torino ITA"]
[Date "2006.05.31"]
[Round "10.3"]
[White "Dauletova, Gulmira"]
[Black "Andersson, Christin"]
[Result "0-1"]
[WhiteElo "2144"]
[BlackElo "2170"]
[Annotator "KAZ-SWE"]
[PlyCount "102"]
[EventDate "2006.05.21"]

1. e4 e6 2. d3 d5 3. Nd2 c5 4. Ngf3 Nc6 5. g3 Nf6 6. Bg2 Bd6 7. O-O O-O 8. Re1
Bc7 9. Qe2 b6 10. Nf1 Bb7 11. e5 Nd7 12. Bf4 Ne7 13. h4 Ng6 14. h5 Nxf4 15.
gxf4 f6 16. d4 fxe5 17. fxe5 cxd4 18. Rad1 Rxf3 19. Qxf3 Nxe5 20. Qh3 Qf6 21.
Rxd4 Rf8 22. Rd2 Kh8 23. Qc3 Bd6 24. Qh3 Ba6 25. Ne3 Bb4 26. c3 Bc5 27. b4 Nc4
28. Ng4 Qf4 29. Rde2 Bd6 30. Rxe6 Bc8 31. Bxd5 Bxe6 32. Bxe6 Ne5 33. Re2 Nf3+
34. Kg2 Qc1 35. Qh1 Qxc3 36. h6 Ng5 37. hxg7+ Qxg7 38. Bd5 Qd4 39. Ne3 Bxb4 40.
Qh6 Qf4 41. Qh2 Qf6 42. Qh5 Bc5 43. f3 Ne6 44. Bxe6 Qxe6 45. Kf2 Re8 46. Qg5
Bxe3+ 47. Rxe3 Qxe3+ 48. Qxe3 Rxe3 49. Kxe3 Kg7 50. Kf4 Kf6 51. Kg4 b5 0-1